• 首页
  • 本馆介绍
  • 公告通知
  • 最新文献
  • 馆藏检索
  • 电子资源
  • 读者导购
  • 参考咨询
  • 我的图书馆
  • 登录
  • 详细信息显示
  • 放入我的书架
  • 预约/预借图书
  • 作者相关作品
  • 分类相关作品
  • 丛书相关作品
  • 出版社相关作品

书目信息

  • 表格格式
  • 工作单格式
  • 卡片格式
题名:
分子生药学
    
 
作者: 黄璐琦 , 刘昌孝 主编
分册:  
出版信息: 北京   科学出版社  2015.02
页数: 510页
开本: 26cm
丛书名:
单 册:
中图分类: R93
科图分类:
主题词: 分子生物学--生药学
电子资源:
ISBN: 978-7-03-043334-3
000 00899nam0 2200253 450
001 4676
005 20181015085746.45
010    @a978-7-03-043334-3@b精装@dCNY158.00
100    @a20150712d2015 em y0chiy50 ea
101 0  @achi
102    @aCN@b110000
105    @ay z 000yy
200 1  @a分子生药学@9fen zi sheng yao xue@f黄璐琦,刘昌孝主编
205    @a3版
210    @a北京@c科学出版社@d2015.02
215    @a510页@d26cm
330    @a本书介绍了分子生药学的形成与发展历程,介绍了药用植物分子系统学、生药分子鉴定、道地药材的形成分子机制、药用植物功能基因组、药用植物次生代谢产物的生物合成和代谢调控等领域的研究进展及应用。
510 1  @aMolecular pharmacognosy@zeng
606 0  @a分子生物学@x生药学
690    @aR93@v5
701  0 @a黄璐琦@9huang lu qi@f(1968-)@4主编
701  0 @a刘昌孝@9liu chang xiao@f(1942.5-)@4主编
801  0 @aCN@b91MARC@c20150712
905    @aMuseLib@dR93@e152=3
    
    分子生药学/黄璐琦,刘昌孝主编.-3版.-北京:科学出版社,2015.02
    510页;26cm
    
    
    ISBN 978-7-03-043334-3(精装):CNY158.00
    本书介绍了分子生药学的形成与发展历程,介绍了药用植物分子系统学、生药分子鉴定、道地药材的形成分子机制、药用植物功能基因组、药用植物次生代谢产物的生物合成和代谢调控等领域的研究进展及应用。
●
相关链接 在E读中查询图书 在五车中查询图书 在当当中查询图书 在豆瓣中查询图书


正题名:分子生药学     索取号:R93/152=3         预约/预借

序号 登录号 条形码 馆藏地/架位号 状态 备注
1 1126187   211261873   第二样本阅览室/ [索取号:R93/152=3] 在馆    
2 1126188   211261882   第三借阅区/ [索取号:R93/152=3] 在馆    
唐山师范学院图书馆 欢迎您!
大连网信软件有限公司© 版权所有